Mixed Word: Game Night Quiz Stats

 Plays Quiz Updated Jan 14, 2012

Support Sporcle.
Go Orange.
Score 0/16 Timer 04:00
1 Play Today
Mixed Word Board Game % Correct
NOUUno
99.1%
FIELLife
97.1%
ESGSU HOWGuess Who?
95.1%
CEONNCT ROFUConnect Four
94.2%
GNAJEJenga
86.7%
KCTTIE OT DIRETicket to Ride
81.8%
OBOATTaboo
81.4%
KHCRESCECheckers
74.6%
Mixed Word Board Game % Correct
TLRIAVI RUSUTPITrivial Pursuit
71.2%
LPEPAS TO SEPAPLApples to Apples
67.4%
EZEAYHTYahtzee
64.5%
LUDOCECluedo
50.8%
RAECBBIGCribbage
49.3%
SDEHBLRDAABalderdash
39.4%
ELSTSERT FO TANCASettlers of Catan
31.2%
LOBUSKBlokus
15.9%

You're not logged in!

Compare scores with friends on all Sporcle quizzes.
OR
Log In
Forgot?

From the Vault

Happiest Countries

by PumpkinBomb

We noticed that many of the countries with the most Sporclers made the list. Coincidence?
Remove Ads.
Support Sporcle.
Get the best of Sporcle when you Go Orange. This ad-free experience offers more features, more stats, and more fun while also helping to support Sporcle. Thank you for becoming a member.

Show Comments

Extras

Top Quizzes Today


Score Distribution

Your Account Isn't Verified!

In order to create a playlist on Sporcle, you need to verify the email address you used during registration. Go to your Sporcle Settings to finish the process.

Report this User

Report this user for behavior that violates our Community Guidelines.

Details: